000 02022nam0a2200409 4500
001 RU\NLR\BIBL_A\016270425
005 20250627120853.0
010 _a978-5-00185-277-3
_bПросвещение-Союз
010 _a978-5-09-104042-5
_bПросвещение
_91210
021 _aRU
_bКН-П-22-090141
_9КН-П-22-8017
035 _a(NLR Aleph) 016270425
035 _a(RuMoRGB)011487122
090 _a12884459
_c12884459
100 _a20230126d2023 u y0rusy50 ca
101 1 _arus
_cger
102 _aRU
105 _aa z 000ay
181 0 _ai2
_baxxe
181 0 _ab2
_bbb2e
182 0 _an
200 1 _aХрабрый портняжка
_e[для чтения взрослыми детям]
_fЯ. и В. Гримм
_g[перевод с немецкого под редакцией П. Н. Полевого]
_gрисунки Михаила Николаева
203 _aТекст
_aИзображение
_bвизуальные
_cнепосредственные
210 _aМосква
_cПросвещение
_d2023 [т. е. 2022]
215 _a31 с.
_cцв. ил.
_d28
225 1 _aСказки Учёного Кота
300 _aКн. фактически изд. в 2022 г.
330 _aЛюбимая многими поколениями детей и взрослых сказка братьев Гримм "Храбрый портняжка" с иллюстрациями Михаила Николаева
333 _a0+
686 0 _aШ9(4Г)60-4
700 1 _7ca
_8rus
_aГримм
_bЯ.
_f1785-1863
_gЯкоб
_9112038
_3RU\NLR\AUTH\772021
702 1 _4220
_7ca
_8rus
_aГримм
_bВ. К.
_f1786-1859
_gВильгельм Карл
_9112035
_3RU\NLR\AUTH\772018
702 1 _4440
_aНиколаев
_bМ. М.
_cхудожник-иллюстратор
_f1970-
_gМихаил Михайлович
_9134882
_3RU\NLR\AUTH\770134916
942 _cBOOK
980 _aNB